Eléments de psychologie physiologique / (Record no. 168030)

MARC details
000 -LEADER
campo de control de longitud fija 00952nam a22002295i 4500
001 - NÚMERO DE CONTROL
campo de control 168030
003 - IDENTIFICADOR DE NÚMERO DE CONTROL
campo de control ES-MaACL
005 - FECHA Y HORA DE LA ÚLTIMA TRANSACCIÓN
campo de control 20230906213646.0
008 - DATOS DE LONGITUD FIJA--INFORMACIÓN GENERAL
campo de control de longitud fija 990218s1886 fr a |||| | fre d
040 ## - FUENTE DE CATALOGACIÓN
Centro catalogador/agencia de origen CAM
Lengua de catalogación spa
Centro/agencia transcriptor CAM
100 0# - ENTRADA PRINCIPAL--NOMBRE DE PERSONA
Nombre de persona Wundt, Wilhelm.
9 (RLIN) 117452
245 10 - MENCIÓN DEL TÍTULO
Título Eléments de psychologie physiologique /
Mención de responsabilidad, etc. par W. Wundt; traduits de l'allemand sur la deuxiéme édition avec l'autorisation de l'auteur par Elie Rouvier; précédés d'une nouvelle préface de l'auteur et d'une introduction par D. Nolen.
260 ## - PUBLICACIÓN, DISTRIBUCIÓN, ETC.
Lugar de publicación, distribución, etc. Paris :
Nombre del editor, distribuidor, etc. Félix Alcan éditeur,
Fecha de publicación, distribución, etc. 1886 (
Lugar de fabricación/manufactura Abbeville :
Fabricante Typ. et stér. A. Retaux,
Fecha de fabricación/manufactura 1885)
300 ## - DESCRIPCIÓN FÍSICA
Extensión 2 v. :
Otras características físicas il ;
Dimensiones 22 cm.
597 #1 - NOTA DE DESCRIPCIÓN FÍSICA
NOTA DE DESCRIPCIÓN FÍSICA T.I (XXXII, 571 p.) - T.II (532 p.)
650 #4 - PUNTO DE ACCESO ADICIONAL DE MATERIA--TÉRMINO DE MATERIA
Término de materia o nombre geográfico como elemento de entrada Fisiología.
9 (RLIN) 136120
650 14 - PUNTO DE ACCESO ADICIONAL DE MATERIA--TÉRMINO DE MATERIA
Término de materia o nombre geográfico como elemento de entrada Neuropsiquiatría.
9 (RLIN) 136594
700 1# - ENTRADA AGREGADA--NOMBRE PERSONAL
Nombre de persona Rouvier, Elie.
9 (RLIN) 132118
700 1# - ENTRADA AGREGADA--NOMBRE PERSONAL
Nombre de persona Nolen, Desiré.
9 (RLIN) 153147
852 ## - LOCALIZACIÓN
Ubicación ES-MaACL
Número de control de estantería B-7215-16
Nota libre -- Enc. pasta española
Holdings
Estatus retirado Estado de pérdida Estado de daño No para préstamo Colección Biblioteca de origen Biblioteca actual Ubicación en estantería Fecha de adquisición Total de préstamos Signatura topográfica completa Código de barras Visto por última vez Precio de reemplazo Tipo de ítem Koha
        Libros del s. XIX Biblioteca del Ateneo de Madrid Biblioteca del Ateneo de Madrid Sala Pardo Bazán 17/01/2008   B-7215-16 1176283 23/02/2023 23/02/2023 Libro impreso antiguo